| 000 | 00950nam a2200253Ia 4500 | ||
|---|---|---|---|
| 003 | OSt | ||
| 005 | 20220923211204.0 | ||
| 006 | a|||||r|||| 00| 0 | ||
| 007 | ta | ||
| 008 | 220922b |||||||| |||| 00| 0 hin d | ||
| 020 | _a8190145843 (hbk) | ||
| 024 | _a235,809 | ||
| 037 | _cTextual | ||
| 040 |
_aARTS _cARTS _bhin |
||
| 041 |
_2hin _ahin |
||
| 082 | _aQ30aA, 152P5 | ||
| 100 |
_aगेलड़ा, महावीर राज; राजीमती, साध्वी, संपा. _9159315 |
||
| 245 | 0 | _aजैन विद्या और विज्ञान | |
| 246 | _aJain vidyā aur vijnyāna | ||
| 260 |
_aलाडनूं _b जैन विश्व भारती संस्थान _c2005 |
||
| 300 |
_a331पृ. _ccm. |
||
| 942 |
_hQ30aA, 152P5 _cTEXL _2CC |
||
| 999 |
_c296539 _d296539 |
||